<?xml version="1.0" encoding="UTF-8"?><?xml-stylesheet type="text/xsl" href="static/style.xsl"?><OAI-PMH xmlns="http://www.openarchives.org/OAI/2.0/" xmlns:xsi="http://www.w3.org/2001/XMLSchema-instance" xsi:schemaLocation="http://www.openarchives.org/OAI/2.0/ http://www.openarchives.org/OAI/2.0/OAI-PMH.xsd"><responseDate>2026-04-17T04:13:35Z</responseDate><request verb="GetRecord" identifier="oai:www.recercat.cat:2117/446891" metadataPrefix="marc">https://recercat.cat/oai/request</request><GetRecord><record><header><identifier>oai:recercat.cat:2117/446891</identifier><datestamp>2025-12-11T21:51:32Z</datestamp><setSpec>com_2072_1033</setSpec><setSpec>col_2072_452951</setSpec></header><metadata><record xmlns="http://www.loc.gov/MARC21/slim" xmlns:dcterms="http://purl.org/dc/terms/" xmlns:xsi="http://www.w3.org/2001/XMLSchema-instance" xmlns:doc="http://www.lyncode.com/xoai" xsi:schemaLocation="http://www.loc.gov/MARC21/slim http://www.loc.gov/standards/marcxml/schema/MARC21slim.xsd">
   <leader>00925njm 22002777a 4500</leader>
   <datafield ind2=" " ind1=" " tag="042">
      <subfield code="a">dc</subfield>
   </datafield>
   <datafield ind2=" " ind1=" " tag="720">
      <subfield code="a">Díaz Conejos, Clàudia</subfield>
      <subfield code="e">author</subfield>
   </datafield>
   <datafield ind2=" " ind1=" " tag="260">
      <subfield code="c">2025-09-18</subfield>
   </datafield>
   <datafield ind2=" " ind1=" " tag="520">
      <subfield code="a">Aquesta investigació analitza les estratègies bioclimàtiques en projectes d’emergència residencials de Shigeru Ban, avaluant les seves solucions arquitectòniques i l’eficiència energètica segons el clima de cada lloc. Els resultats permeten relacionar el disseny i les condicions climàtiques, comparant les estratègies requerides i implementades per al confort tèrmic, i fomenten una reflexió crítica i qualitativa sobre l’adequació d’aquestes solucions en contextos d’emergència.</subfield>
   </datafield>
   <datafield ind2=" " ind1=" " tag="520">
      <subfield code="a">Esta investigación analiza las estrategias bioclimáticas en proyectos de emergencia residenciales de Shigeru Ban, evaluando sus soluciones arquitectónicas y la eficiencia energética según el clima de cada lugar. Los resultados permiten relacionar diseño y condiciones climáticas, comparando estrategias requeridas e implementadas para el confort térmico, y fomentan una reflexión crítica y cualitativa sobre la adecuación de estas soluciones en contextos de emergencia.</subfield>
   </datafield>
   <datafield ind2=" " ind1=" " tag="520">
      <subfield code="a">This research analyzes the bioclimatic strategies in Shigeru Ban’s emergency residential projects, evaluating their architectural solutions and energy efficiency according to the climate of each location. The results allow for a connection between design and climatic conditions, comparing required and implemented strategies for thermal comfort, and promote a critical and qualitative reflection on the adequacy of these solutions in emergency contexts.</subfield>
   </datafield>
   <datafield ind1="8" ind2=" " tag="024">
      <subfield code="a">http://hdl.handle.net/2117/446891</subfield>
   </datafield>
   <datafield tag="653" ind2=" " ind1=" ">
      <subfield code="a">Àrees temàtiques de la UPC::Arquitectura::Tipologies d'edificis::Habitatges</subfield>
   </datafield>
   <datafield tag="653" ind2=" " ind1=" ">
      <subfield code="a">Àrees temàtiques de la UPC::Arquitectura::Arquitectes</subfield>
   </datafield>
   <datafield tag="653" ind2=" " ind1=" ">
      <subfield code="a">Emergency housing</subfield>
   </datafield>
   <datafield tag="653" ind2=" " ind1=" ">
      <subfield code="a">Ban, Shigeru, 1957- -- Criticism and interpretation</subfield>
   </datafield>
   <datafield tag="653" ind2=" " ind1=" ">
      <subfield code="a">Arquitectura de emergencia</subfield>
   </datafield>
   <datafield tag="653" ind2=" " ind1=" ">
      <subfield code="a">Shigeru Ban</subfield>
   </datafield>
   <datafield tag="653" ind2=" " ind1=" ">
      <subfield code="a">Diseño bioclimático</subfield>
   </datafield>
   <datafield tag="653" ind2=" " ind1=" ">
      <subfield code="a">Sistemas constructivos</subfield>
   </datafield>
   <datafield tag="653" ind2=" " ind1=" ">
      <subfield code="a">Estrategias pasivas</subfield>
   </datafield>
   <datafield tag="653" ind2=" " ind1=" ">
      <subfield code="a">Confort térmico</subfield>
   </datafield>
   <datafield tag="653" ind2=" " ind1=" ">
      <subfield code="a">Habitatge d'emergència</subfield>
   </datafield>
   <datafield tag="653" ind2=" " ind1=" ">
      <subfield code="a">Ban, Shigeru, 1957-  -- Crítica i interpretació</subfield>
   </datafield>
   <datafield ind2="0" ind1="0" tag="245">
      <subfield code="a">Arquitectura residencial de emergencia: el diseño bioclimático de Shigeru Ban</subfield>
   </datafield>
</record></metadata></record></GetRecord></OAI-PMH>